[Event "34th European Club Cup 2018"]
[Site "Halkidiki"]
[Date "2018.10.12"]
[Round "1"]
[White "Handke, Florian"]
[Black "Kjartansson, David"]
[Result "1-0"]
[WhiteElo "2536"]
[BlackElo "2404"]
[Annotator "TA"]
[PlyCount "81"]
[EventDate "2018.10.12"]
[EventType "team-tourn"]
[EventCountry "GRE"]
[SourceTitle "playchess.com"]
[Source "ChessBase"]
[SourceQuality "1"]
[WhiteTeam "Aachen"]
[BlackTeam "Viking CC"]

1. e4 e6 2. d4 d5 3. Nc3 Bb4 4. e5 c5 5. a3 Bxc3+ 6. bxc3 Ne7 7. Qg4 Qc7 8. Bd3 cxd4 9. Ne2 dxc3 10. Qxg7 Rg8 11. Qxh7 Qxe5 12. h4 Nd7 13. Bf4 Qf6 14. Bg5 Qh8 15. Qxh8 Rxh8 16. Nxc3 a6 17. O-O-O f6 18. Be3 Ne5 19. Be2 Bd7 20. f4 Nf7 21. Bd4 Rh6 22. g4 e5 23. fxe5 fxe5 24. Be3 Rc6 25. Nxd5 Rac8 26. Nb4 Rc3 27. Bd2 Rxa3 28. Kb2 Ra4 29. Be1 Rc5 30. Rf1 Bb5 31. Bxb5+ Rxb5 32. c3 Nc6 33. g5 Rba5 34. g6 Nh6 35. Bd2 Nxb4 36. Bxh6 Ra2+ 37. Kb3 Nc6 38. g7 R5a3+ 39. Kc4 Ra4+ 40. Kc5 Rg2 41. Rf8+ 1-0

[Event "34th European Club Cup 2018"]
[Site "Halkidiki"]
[Date "2018.10.12"]
[Round "1"]
[White "Chanda, Sandipan"]
[Black "Gantner, Matthias"]
[Result "1-0"]
[WhiteElo "2535"]
[BlackElo "2331"]
[Annotator "TA"]
[PlyCount "75"]
[EventDate "2018.10.12"]
[EventType "team-tourn"]
[EventCountry "GRE"]
[SourceTitle "playchess.com"]
[Source "ChessBase"]
[SourceQuality "1"]
[WhiteTeam "Solingen"]
[BlackTeam "White Rose"]

1. d4 d5 2. c4 c6 3. Nf3 Nf6 4. e3 Bg4 5. h3 Bh5 6. Nc3 e6 7. g4 Bg6 8. Ne5 Nbd7 9. Nxg6 hxg6 10. a3 g5 11. Bd2 Be7 12. Qf3 Rc8 13. c5 e5 14. Qg3 Ne4 15. Nxe4 dxe4 16. Bg2 Bf6 17. Bc3 exd4 18. exd4 O-O 19. O-O Re8 20. Rfe1 Nf8 21. Bxe4 Bxd4 22. Bf5 Rxe1+ 23. Rxe1 Bxc3 24. Qxc3 Ra8 25. Qb3 b6 26. cxb6 axb6 27. Rd1 Qc7 28. Qg3 Qxg3+ 29. fxg3 c5 30. Rd6 Rb8 31. a4 g6 32. Bd3 Kg7 33. Bc4 Rb7 34. Kf2 Nd7 35. Ba6 Rc7 36. Bb5 Ne5 37. Rxb6 f6 38. a5 1-0

[Event "34th European Club Cup 2018"]
[Site "Halkidiki"]
[Date "2018.10.12"]
[Round "1"]
[White "Demuth, Adrien"]
[Black "Hautot, Stephane"]
[Result "1/2-1/2"]
[WhiteElo "2529"]
[BlackElo "2331"]
[Annotator "TA"]
[PlyCount "63"]
[EventDate "2018.10.12"]
[EventType "team-tourn"]
[EventCountry "GRE"]
[SourceTitle "playchess.com"]
[Source "ChessBase"]
[SourceQuality "1"]
[WhiteTeam "KGSRL"]
[BlackTeam "Wirtzfeld"]

1. d4 d5 2. c4 c6 3. Nf3 Nf6 4. e3 Bf5 5. Nc3 e6 6. Nh4 Be4 7. f3 Bg6 8. Qb3 Qc7 9. Bd2 Nbd7 10. g3 Be7 11. Rc1 dxc4 12. Bxc4 Bh5 13. O-O g5 14. Ng2 h6 15. e4 Qb6 16. Be3 Qxb3 17. Bxb3 a6 18. h4 Ng8 19. g4 Bg6 20. f4 gxf4 21. Nxf4 Bh7 22. Nh5 Ngf6 23. Ng7+ Kd8 24. Bxh6 Nxg4 25. Rxf7 Nxh6 26. Nxe6+ Ke8 27. Nc7+ Kd8 28. Ne6+ Ke8 29. Nc7+ Kd8 30. Ne6+ Ke8 31. Ng7+ Kd8 32. Ne6+ 1/2-1/2

[Event "34th European Club Cup 2018"]
[Site "Halkidiki"]
[Date "2018.10.12"]
[Round "1"]
[White "Babula, Vlastimil"]
[Black "Kristensen, Kaare Hove"]
[Result "1-0"]
[WhiteElo "2522"]
[BlackElo "2347"]
[Annotator "TA"]
[PlyCount "123"]
[EventDate "2018.10.12"]
[EventType "team-tourn"]
[EventCountry "GRE"]
[SourceTitle "playchess.com"]
[Source "ChessBase"]
[SourceQuality "1"]
[WhiteTeam "Bremen"]
[BlackTeam "Nordkalotten"]

1. d4 d5 2. c4 e6 3. Nf3 c5 4. cxd5 exd5 5. Nc3 Nc6 6. dxc5 d4 7. Na4 Bxc5 8. Nxc5 Qa5+ 9. Bd2 Qxc5 10. e3 dxe3 11. Bxe3 Qb4+ 12. Qd2 Nge7 13. Be2 Nd5 14. O-O Nxe3 15. Qxe3+ Qe7 16. Qc3 O-O 17. Bb5 Be6 18. Bxc6 Rfc8 19. Nd4 bxc6 20. Rfe1 Qf6 21. Nxe6 Qxc3 22. bxc3 fxe6 23. Rxe6 Kf7 24. Rae1 Rc7 25. h4 Rd8 26. R6e4 g6 27. R1e2 Rd1+ 28. Kh2 Rd3 29. Rf4+ Kg7 30. Rc4 Kf6 31. f3 c5 32. Kg3 Rd5 33. Rf4+ Rf5 34. Rfe4 c4 35. Re6+ Kf7 36. R2e5 Rxe5 37. Rxe5 Rc6 38. Ra5 a6 39. a4 Ke6 40. Kf4 Kd6 41. Kg5 Rb6 42. Kh6 Rb3 43. Rxa6+ Kc5 44. Ra5+ Kd6 45. Ra6+ Kd5 46. Ra8 Rxc3 47. Kxh7 Re3 48. Rd8+ Kc5 49. Kxg6 c3 50. Rc8+ Kd5 51. Kf5 Kd4 52. h5 Re5+ 53. Kg4 Kd3 54. h6 Re7 55. Kh5 c2 56. g4 Re8 57. Rc6 Re6 58. Rxc2 Kxc2 59. h7 Re8 60. g5 Kd3 61. g6 Re1 62. g7 1-0

[Event "34th European Club Cup 2018"]
[Site "Halkidiki"]
[Date "2018.10.12"]
[Round "1"]
[White "Pruijssers, Roeland"]
[Black "Tari, Aryan"]
[Result "1-0"]
[WhiteElo "2501"]
[BlackElo "2618"]
[Annotator "TA"]
[PlyCount "87"]
[EventDate "2018.10.12"]
[EventType "team-tourn"]
[EventCountry "GRE"]
[SourceTitle "playchess.com"]
[Source "ChessBase"]
[SourceQuality "1"]
[WhiteTeam "Echiquier Amaytois"]
[BlackTeam "Valerenga"]

1. e4 c6 2. d4 d5 3. exd5 cxd5 4. Nf3 Nf6 5. Ne5 g6 6. Bb5+ Nbd7 7. c3 Bg7 8. Nd2 a6 9. Bd3 Nxe5 10. dxe5 Nd7 11. f4 Nc5 12. Bc2 d4 13. Nb3 Nxb3 14. axb3 dxc3 15. Qxd8+ Kxd8 16. bxc3 f6 17. exf6 Bxf6 18. Bb2 Kc7 19. O-O-O Bg4 20. Rde1 Rad8 21. c4 Rd7 22. Re3 Rhd8 23. Rhe1 Bh4 24. g3 Bf6 25. Bxf6 exf6 26. Be4 Rd2 27. h3 Bxh3 28. Rh1 R2d7 29. Rxh3 Re8 30. Re2 Rde7 31. Kd2 Rxe4 32. Rxh7+ Kc6 33. Rxe4 Rxe4 34. Rh6 Kd6 35. Rxg6 Ke6 36. Rg7 b5 37. cxb5 axb5 38. Rb7 Rd4+ 39. Kc3 Re4 40. Rb6+ Kf7 41. Rxb5 Re3+ 42. Kc4 Rxg3 43. Rd5 Rg4 44. Rd4 1-0

[Event "34th European Club Cup 2018"]
[Site "Halkidiki"]
[Date "2018.10.12"]
[Round "1"]
[White "Nedev, Trajko"]
[Black "Boel, Marcel"]
[Result "1-0"]
[WhiteElo "2496"]
[BlackElo "2241"]
[Annotator "RC"]
[PlyCount "83"]
[EventDate "2018.10.12"]
[EventType "team-tourn"]
[EventCountry "GRE"]
[SourceTitle "playchess.com"]
[Source "ChessBase"]
[SourceQuality "1"]
[WhiteTeam "Alkaloid"]
[BlackTeam "Apeldoorn"]

1. e4 e5 2. Nf3 Nc6 3. Bc4 Nf6 4. d3 Bc5 5. O-O O-O 6. Re1 d6 7. c3 a6 8. a4 h6 9. h3 Re8 10. Nbd2 Be6 11. Bxe6 Rxe6 12. b4 Ba7 13. Qc2 d5 14. Nb3 Re8 15. b5 Nb8 16. exd5 Nxd5 17. Rxe5 Rxe5 18. Nxe5 Nd7 19. Nf3 Qf6 20. d4 Re8 21. c4 Nf4 22. Bxf4 Qxf4 23. c5 Re6 24. Re1 axb5 25. Rxe6 fxe6 26. axb5 c6 27. bxc6 bxc6 28. Na5 Qc7 29. Qa4 Bxc5 30. dxc5 Nxc5 31. Qb4 Nd3 32. Qd2 Nf4 33. Nc4 Qb8 34. Nfe5 Qb1+ 35. Kh2 Qf5 36. f3 h5 37. Nxc6 Kh7 38. Nd6 Qg5 39. Ne4 Qf5 40. Nd4 Qe5 41. g3 Ng6 42. Nxe6 1-0

[Event "34th European Club Cup 2018"]
[Site "Halkidiki"]
[Date "2018.10.12"]
[Round "1"]
[White "Speelman, Jon S"]
[Black "Vogel, Constantin"]
[Result "1-0"]
[WhiteElo "2496"]
[BlackElo "2060"]
[Annotator "TA"]
[PlyCount "57"]
[EventDate "2018.10.12"]
[EventType "team-tourn"]
[EventCountry "GRE"]
[SourceTitle "playchess.com"]
[Source "ChessBase"]
[SourceQuality "1"]
[WhiteTeam "Wood Green"]
[BlackTeam "St Benildus"]

1. Nf3 Nf6 2. c4 c5 3. Nc3 g6 4. d4 cxd4 5. Nxd4 Nc6 6. g3 Bg7 7. Bg2 O-O 8. O-O Nxd4 9. Qxd4 d6 10. Qd3 Nd7 11. b3 Nc5 12. Qd2 a5 13. Ba3 Be6 14. Rac1 Rb8 15. Rfd1 Qb6 16. Qe3 Rfe8 17. h4 Rbc8 18. h5 Qa6 19. Bf3 Bd7 20. Nd5 e6 21. Nc3 Red8 22. hxg6 hxg6 23. Qg5 Bc6 24. Bxc5 Bxf3 25. exf3 f6 26. Qxg6 Rxc5 27. Ne4 Rf5 28. c5 d5 29. Nd6 1-0

[Event "34th European Club Cup 2018"]
[Site "Halkidiki"]
[Date "2018.10.12"]
[Round "1"]
[White "Greenfeld, Alon"]
[Black "Maksimovic, Marko"]
[Result "1-0"]
[WhiteElo "2495"]
[BlackElo "2187"]
[Annotator "TA"]
[PlyCount "61"]
[EventDate "2018.10.12"]
[EventType "team-tourn"]
[EventCountry "GRE"]
[SourceTitle "playchess.com"]
[Source "ChessBase"]
[SourceQuality "1"]
[WhiteTeam "Beer Sheva"]
[BlackTeam "Partizan"]

1. d4 Nf6 2. Nf3 g6 3. c4 Bg7 4. g3 O-O 5. Bg2 d5 6. cxd5 Nxd5 7. O-O Nb6 8. Nc3 Nc6 9. d5 Na5 10. e4 c6 11. Bf4 cxd5 12. Nxd5 Nxd5 13. exd5 Nc4 14. Rc1 Nd6 15. Qd2 Qb6 16. Rfe1 Re8 17. Ne5 Bf5 18. b3 Rac8 19. Be3 Qa6 20. Bc5 b6 21. Bd4 Rxc1 22. Rxc1 Qb7 23. Re1 Qc7 24. Nc6 Qd7 25. Bxg7 Kxg7 26. g4 Bxg4 27. Ne5 Qf5 28. Qd4 Bh3 29. Nc4+ f6 30. Bxh3 Qxh3 31. Nxd6 1-0

[Event "34th European Club Cup 2018"]
[Site "Halkidiki"]
[Date "2018.10.12"]
[Round "1"]
[White "Zumsande, Martin"]
[Black "Hove, Esben Kjems"]
[Result "1-0"]
[WhiteElo "2492"]
[BlackElo "2286"]
[Annotator "TA"]
[PlyCount "63"]
[EventDate "2018.10.12"]
[EventType "team-tourn"]
[EventCountry "GRE"]
[SourceTitle "playchess.com"]
[Source "ChessBase"]
[SourceQuality "1"]
[WhiteTeam "Bremen"]
[BlackTeam "Nordkalotten"]

1. e4 c6 2. d4 d5 3. exd5 cxd5 4. Bd3 Nc6 5. c3 g6 6. Bf4 Bg7 7. Nf3 Nf6 8. O-O O-O 9. Re1 Nh5 10. Be3 Qc7 11. Nbd2 Nf4 12. Bf1 Nh5 13. h3 f5 14. Nb3 f4 15. Bd2 Qd6 16. c4 dxc4 17. Bxc4+ e6 18. Re4 Nd8 19. Qe1 Nf6 20. Rxf4 Bd7 21. Ne5 Nd5 22. Rxf8+ Bxf8 23. Nc5 Bc6 24. Ne4 Qc7 25. Rc1 Bg7 26. Bg5 Qb6 27. Qd2 Nf7 28. Bxd5 Bxd5 29. Nf6+ Bxf6 30. Bxf6 Qd6 31. Nxf7 Kxf7 32. Be5 1-0

[Event "34th European Club Cup 2018"]
[Site "Halkidiki"]
[Date "2018.10.12"]
[Round "1"]
[White "Admiraal, Miguoel"]
[Black "Navara, David"]
[Result "0-1"]
[WhiteElo "2491"]
[BlackElo "2740"]
[Annotator "TA"]
[PlyCount "62"]
[EventDate "2018.10.12"]
[EventType "team-tourn"]
[EventCountry "GRE"]
[SourceTitle "playchess.com"]
[Source "ChessBase"]
[SourceQuality "1"]
[WhiteTeam "Deloitte"]
[BlackTeam "Novy Bor"]

1. e4 c5 2. Nf3 d6 3. Bb5+ Nd7 4. d4 cxd4 5. Qxd4 a6 6. Bxd7+ Bxd7 7. Nc3 e5 8. Qd3 Rc8 9. Bg5 Qc7 10. Nd2 h6 11. Bh4 g5 12. Bg3 Nf6 13. Nf1 b5 14. a3 Qc4 15. Ne3 Qxd3 16. cxd3 Be6 17. O-O Be7 18. Rfd1 Bd8 19. d4 Ba5 20. Nf5 Bxf5 21. exf5 Bxc3 22. bxc3 e4 23. Bxd6 Nd5 24. Bb4 Kd7 25. a4 Nxc3 26. Bxc3 Rxc3 27. axb5 axb5 28. d5 b4 29. d6 Rd3 30. Rdb1 Ra3 31. g4 Rha8 0-1

[Event "34th European Club Cup 2018"]
[Site "Halkidiki"]
[Date "2018.10.12"]
[Round "1"]
[White "Sulypa, Oleksandr"]
[Black "Gnichtel, Gerd"]
[Result "1-0"]
[WhiteElo "2487"]
[BlackElo "2125"]
[Annotator "TA"]
[PlyCount "67"]
[EventDate "2018.10.12"]
[EventType "team-tourn"]
[EventCountry "GRE"]
[SourceTitle "playchess.com"]
[Source "ChessBase"]
[SourceQuality "1"]
[WhiteTeam "Reykjavik"]
[BlackTeam "Echternach"]

1. e4 c5 2. Nf3 Nc6 3. Nc3 e5 4. Bc4 Be7 5. d3 Nf6 6. h3 d6 7. a3 a6 8. O-O O-O 9. Rb1 b5 10. Ba2 Be6 11. Nd5 c4 12. dxc4 Nxe4 13. Re1 Nf6 14. Qd3 Bxd5 15. cxd5 Na5 16. Nd2 Qc7 17. b4 Nb7 18. Bb3 Rfc8 19. c4 Qb6 20. Bb2 Nh5 21. Qf3 Nf4 22. h4 a5 23. g3 Ng6 24. h5 Nf8 25. h6 axb4 26. hxg7 Ng6 27. axb4 bxc4 28. Bxc4 Rc7 29. b5 Rac8 30. Bd3 Nc5 31. Bf5 Ra8 32. Kg2 Bf6 33. Bxg6 Bxg7 34. Bf5 1-0

[Event "34th European Club Cup 2018"]
[Site "Halkidiki"]
[Date "2018.10.12"]
[Round "1"]
[White "Alsina Leal, Daniel"]
[Black "Andersen, Mads"]
[Result "0-1"]
[WhiteElo "2483"]
[BlackElo "2597"]
[Annotator "TA"]
[PlyCount "120"]
[EventDate "2018.10.12"]
[EventType "team-tourn"]
[EventCountry "GRE"]
[SourceTitle "playchess.com"]
[Source "ChessBase"]
[SourceQuality "1"]
[WhiteTeam "White Rose"]
[BlackTeam "Solingen"]

1. e4 c5 2. Nf3 d6 3. d4 cxd4 4. Nxd4 Nf6 5. Nc3 a6 6. h3 e6 7. g4 d5 8. Nde2 Bc5 9. exd5 Qb6 10. Be3 Bxe3 11. fxe3 Qxb2 12. dxe6 Bxe6 13. Qb1 Qxb1+ 14. Rxb1 Nbd7 15. Rxb7 Nd5 16. Ne4 Nxe3 17. Nf4 Nxc2+ 18. Kd2 Nd4 19. Ke3 Nc2+ 20. Kd2 Nd4 21. Ke3 Nc2+ 22. Kd3 Na3 23. Kc3 Rb8 24. Bxa6 Ke7 25. Rc7 Nb1+ 26. Kc2 Na3+ 27. Kc3 Nb1+ 28. Kd3 Rhd8 29. Nxe6 fxe6 30. Ke3 Rb6 31. Be2 Na3 32. Rd1 Nb5 33. Bxb5 Rxb5 34. Nd6 Re5+ 35. Ne4 Ke8 36. g5 h6 37. Kf4 hxg5+ 38. Kf3 Rxe4 39. Kxe4 Nf6+ 40. Ke5 Rxd1 41. Rxg7 Nh5 42. Rh7 Re1+ 43. Kd6 Nf4 44. a4 Rd1+ 45. Kc6 Rd5 46. Kb6 Rd7 47. Rh8+ Ke7 48. a5 Nd5+ 49. Kc6 Rc7+ 50. Kb5 Kd6 51. Rd8+ Rd7 52. Rb8 Rh7 53. a6 Nc7+ 54. Kb6 Nxa6 55. Kxa6 Rxh3 56. Rg8 Rb3 57. Rxg5 e5 58. Ka5 Kd5 59. Ka4 Rb8 60. Rg1 e4 0-1

[Event "34th European Club Cup 2018"]
[Site "Halkidiki"]
[Date "2018.10.12"]
[Round "1"]
[White "Petrov, Marian"]
[Black "Corvi, Marco"]
[Result "1-0"]
[WhiteElo "2482"]
[BlackElo "2316"]
[Annotator "TA"]
[PlyCount "47"]
[EventDate "2018.10.12"]
[EventType "team-tourn"]
[EventCountry "GRE"]
[SourceTitle "playchess.com"]
[Source "ChessBase"]
[SourceQuality "1"]
[WhiteTeam "Eynatten"]
[BlackTeam "Lazio ASD"]

1. e4 c5 2. Nf3 g6 3. d4 cxd4 4. Nxd4 Bg7 5. Nc3 Nc6 6. Be3 Nf6 7. f4 d6 8. Be2 O-O 9. O-O Bd7 10. Qd3 a6 11. Rad1 Rc8 12. Bf3 Qc7 13. Rfe1 Rfd8 14. h3 b5 15. a3 Na5 16. Bc1 Nc4 17. Nd5 Nxd5 18. exd5 e5 19. dxe6 fxe6 20. Nxe6 Bxe6 21. Rxe6 Nxb2 22. Bxb2 Bxb2 23. Qb3 Qc4 24. Qxb2 1-0

[Event "34th European Club Cup 2018"]
[Site "Halkidiki"]
[Date "2018.10.12"]
[Round "1"]
[White "Dvirnyy, Danyyil"]
[Black "Jessen, Alexander"]
[Result "1-0"]
[WhiteElo "2480"]
[BlackElo "2060"]
[Annotator "TA"]
[PlyCount "47"]
[EventDate "2018.10.12"]
[EventType "team-tourn"]
[EventCountry "GRE"]
[SourceTitle "playchess.com"]
[Source "ChessBase"]
[SourceQuality "1"]
[WhiteTeam "Padova"]
[BlackTeam "Jetsmark"]

1. e4 e6 2. d4 d5 3. Nd2 Nf6 4. e5 Nfd7 5. c3 c5 6. Bd3 Nc6 7. Ngf3 g6 8. h4 Bg7 9. h5 O-O 10. Nf1 Qe8 11. hxg6 fxg6 12. Be3 cxd4 13. cxd4 Nb6 14. Ng5 h6 15. Nf3 h5 16. Nh4 Ne7 17. Nxg6 Nxg6 18. Qxh5 Rf5 19. Qh7+ Kf8 20. Rh3 Nf4 21. Bxf5 Nxg2+ 22. Ke2 Nxe3 23. Nxe3 exf5 24. Rg1 1-0

[Event "34th European Club Cup 2018"]
[Site "Halkidiki"]
[Date "2018.10.12"]
[Round "1"]
[White "Baldauf, Marco"]
[Black "Rendle, Thomas E"]
[Result "1/2-1/2"]
[WhiteElo "2472"]
[BlackElo "2366"]
[Annotator "TA"]
[PlyCount "109"]
[EventDate "2018.10.12"]
[EventType "team-tourn"]
[EventCountry "GRE"]
[SourceTitle "playchess.com"]
[Source "ChessBase"]
[SourceQuality "1"]
[WhiteTeam "Berlin"]
[BlackTeam "Grantham"]

1. d4 Nf6 2. c4 e6 3. Nc3 Bb4 4. Nf3 d5 5. Qb3 c5 6. dxc5 Nc6 7. Bg5 dxc4 8. Qxc4 Qa5 9. Bxf6 gxf6 10. Rc1 Qxc5 11. Qf4 Ke7 12. g3 e5 13. Qh6 Bxc3+ 14. bxc3 e4 15. Nd2 e3 16. fxe3 Qg5 17. Qxg5 fxg5 18. Bg2 Be6 19. Nb3 Ne5 20. h4 Rag8 21. Bxb7 gxh4 22. Rxh4 Rxg3 23. Kf2 Rg4 24. Rh5 f6 25. Rch1 Ra4 26. Rxh7+ Rxh7 27. Rxh7+ Kd6 28. Nd4 Rxa2 29. Be4 Bd7 30. Bf5 Bxf5 31. Nxf5+ Kd5 32. Rh4 a5 33. Rd4+ Kc5 34. Ng3 Kc6 35. Ne4 Nd7 36. Rd6+ Kc7 37. Ra6 Kb7 38. Re6 a4 39. Nxf6 Nc5 40. Re7+ Ka6 41. Nd5 Kb5 42. e4 a3 43. Ra7 Nxe4+ 44. Ke3 Nd6 45. Kd3 Ra1 46. Nb4 Rd1+ 47. Kc2 Re1 48. Kd3 Rd1+ 49. Kc2 Re1 50. Kd2 Rb1 51. Nc2 Nc4+ 52. Kd3 Rd1+ 53. Ke4 Rd2 54. Nxa3+ Nxa3 55. Rxa3 1/2-1/2

[Event "34th European Club Cup 2018"]
[Site "Halkidiki"]
[Date "2018.10.12"]
[Round "1"]
[White "Kosic, Dragan"]
[Black "Andersen, Soren Mikkel"]
[Result "1-0"]
[WhiteElo "2470"]
[BlackElo "2159"]
[Annotator "TA"]
[PlyCount "69"]
[EventDate "2018.10.12"]
[EventType "team-tourn"]
[EventCountry "GRE"]
[SourceTitle "playchess.com"]
[Source "ChessBase"]
[SourceQuality "1"]
[WhiteTeam "Sloven Ruma"]
[BlackTeam "Bronshoj"]

1. d4 d5 2. c4 c6 3. Nc3 Nf6 4. e3 e6 5. Nf3 Nbd7 6. Qc2 Bd6 7. Bd3 O-O 8. O-O dxc4 9. Bxc4 b5 10. Bd3 Bb7 11. e4 e5 12. dxe5 Nxe5 13. Nxe5 Bxe5 14. h3 h6 15. Be3 Bd4 16. Bxd4 Qxd4 17. Rad1 Qb6 18. e5 Nd5 19. Nxd5 cxd5 20. Qb3 Rfe8 21. Rfe1 b4 22. Bb1 Rad8 23. Qd3 g6 24. Qg3 d4 25. Kh2 Qe6 26. f4 Kh7 27. Qf2 Qb6 28. f5 gxf5 29. Qxf5+ Kg8 30. Qh7+ Kf8 31. Rd2 Bd5 32. Rf2 d3 33. Ref1 Rd7 34. Bxd3 Rxe5 35. Qh8+ 1-0

[Event "34th European Club Cup 2018"]
[Site "Halkidiki"]
[Date "2018.10.12"]
[Round "1"]
[White "Koch, Thomas"]
[Black "Ramondino, Renzo"]
[Result "1/2-1/2"]
[WhiteElo "2467"]
[BlackElo "2193"]
[Annotator "TA"]
[PlyCount "94"]
[EventDate "2018.10.12"]
[EventType "team-tourn"]
[EventCountry "GRE"]
[SourceTitle "playchess.com"]
[Source "ChessBase"]
[SourceQuality "1"]
[WhiteTeam "Eynatten"]
[BlackTeam "Lazio ASD"]

1. d4 Nf6 2. c4 g6 3. Nc3 Bg7 4. e4 d6 5. Nf3 O-O 6. Be2 e5 7. O-O Nc6 8. Be3 Ng4 9. Bg5 f6 10. Bh4 Nh6 11. d5 Ne7 12. Ne1 g5 13. Bg3 f5 14. f3 Ng6 15. Rc1 Nf4 16. Bf2 g4 17. c5 Qg5 18. Kh1 g3 19. Bxg3 Nxe2 20. Nxe2 fxe4 21. Nc3 Nf5 22. Nxe4 Nxg3+ 23. Nxg3 Qh4 24. Qe2 Bh6 25. Rc4 Bf4 26. Nd3 b5 27. cxb6 Ba6 28. Re4 axb6 29. Rd1 c6 30. dxc6 d5 31. Rxf4 exf4 32. Qe6+ Kh8 33. Qe5+ Qf6 34. Qxf6+ Rxf6 35. Nh5 Rxc6 36. Nhxf4 Bxd3 37. Nxd3 Rc2 38. a3 Re8 39. h3 Ree2 40. Nf4 Red2 41. Re1 Rxb2 42. Re7 Kg8 43. Rd7 Rbc2 44. Nxd5 Kf8 45. Nf6 Rxg2 46. Nxh7+ Ke8 47. Nf6+ Kf8 1/2-1/2

[Event "34th European Club Cup 2018"]
[Site "Halkidiki"]
[Date "2018.10.12"]
[Round "1"]
[White "Liiva, Riho"]
[Black "Paravyan, David"]
[Result "0-1"]
[WhiteElo "2456"]
[BlackElo "2629"]
[Annotator "TA"]
[PlyCount "92"]
[EventDate "2018.10.12"]
[EventType "team-tourn"]
[EventCountry "GRE"]
[SourceTitle "playchess.com"]
[Source "ChessBase"]
[SourceQuality "1"]
[WhiteTeam "Reval"]
[BlackTeam "Molodezhka"]

1. e4 c5 2. Nf3 d6 3. Bb5+ Bd7 4. Bxd7+ Qxd7 5. c4 Nc6 6. d4 e5 7. dxc5 dxc5 8. O-O Qxd1 9. Rxd1 Nd4 10. Nc3 Bd6 11. Nb5 Bb8 12. b4 Nc2 13. Rb1 Nxb4 14. a3 Nc6 15. Nd6+ Bxd6 16. Rxd6 Nf6 17. Rxb7 Na5 18. Rc7 O-O 19. Ra6 Nxc4 20. Rxc5 Rad8 21. g3 Rd1+ 22. Kg2 Rxc1 23. Rac6 Ne3+ 24. fxe3 Ra1 25. Nxe5 Nxe4 26. Ra5 Ra2+ 27. Kf3 f5 28. Nd3 Rd2 29. Rxa7 Ng5+ 30. Kf4 Nh3+ 31. Ke5 Rxd3 32. Rcc7 Rxe3+ 33. Kd5 Rd8+ 34. Kc4 Re4+ 35. Kb5 Rg4 36. a4 f4 37. gxf4 Nxf4 38. a5 Rg5+ 39. Kc6 Ne6 40. Rd7 Nd4+ 41. Kb6 Rg6+ 42. Kc5 Nb3+ 43. Kb4 Rb8+ 44. Rab7 Rxb7+ 45. Rxb7 Nxa5 46. Kxa5 Rg2 0-1

[Event "34th European Club Cup 2018"]
[Site "Halkidiki"]
[Date "2018.10.12"]
[Round "1"]
[White "Gorodetzky, David"]
[Black "Mossong, Hubert"]
[Result "1-0"]
[WhiteElo "2452"]
[BlackElo "2076"]
[Annotator "TA"]
[PlyCount "61"]
[EventDate "2018.10.12"]
[EventType "team-tourn"]
[EventCountry "GRE"]
[SourceTitle "playchess.com"]
[Source "ChessBase"]
[SourceQuality "1"]
[WhiteTeam "Rehovot"]
[BlackTeam "Dudelange"]

1. d4 d6 2. e4 Nf6 3. Nc3 c6 4. Nf3 Bg4 5. h3 Bxf3 6. Qxf3 Nbd7 7. Be3 e5 8. Bc4 Be7 9. O-O O-O 10. Rad1 Qc7 11. Bb3 a6 12. Ne2 c5 13. c3 b5 14. Ng3 g6 15. Bg5 c4 16. Bc2 Kg7 17. Qe3 Rfe8 18. f4 Ng8 19. Bxe7 Rxe7 20. Rf3 f6 21. Qf2 a5 22. Ne2 Rf8 23. Rf1 b4 24. g4 Ref7 25. h4 Nb6 26. Qg3 Ne7 27. g5 f5 28. fxe5 dxe5 29. dxe5 fxe4 30. Rxf7+ Rxf7 31. Rxf7+ 1-0

[Event "34th European Club Cup 2018"]
[Site "Halkidiki"]
[Date "2018.10.12"]
[Round "1"]
[White "Djurhuus, Rune"]
[Black "Vedder, Richard"]
[Result "1-0"]
[WhiteElo "2439"]
[BlackElo "2288"]
[Annotator "TA"]
[PlyCount "55"]
[EventDate "2018.10.12"]
[EventType "team-tourn"]
[EventCountry "GRE"]
[SourceTitle "playchess.com"]
[Source "ChessBase"]
[SourceQuality "1"]
[WhiteTeam "Nordstrand"]
[BlackTeam "En Passant"]

1. d4 Nf6 2. Nf3 g6 3. c4 Bg7 4. Nc3 O-O 5. e4 d6 6. h3 c6 7. Bg5 a6 8. a4 a5 9. Be2 Qc7 10. e5 dxe5 11. dxe5 Rd8 12. Qc1 Ne8 13. Qe3 Na6 14. O-O b6 15. Bf4 Qb7 16. Nd4 Nec7 17. Bg5 Re8 18. f4 Nc5 19. f5 f6 20. Bh6 g5 21. Bxg7 Kxg7 22. Bf3 Qa6 23. Bxc6 Bb7 24. Bxe8 Rxe8 25. Ncb5 Nxb5 26. exf6+ exf6 27. Qxe8 Nxd4 28. Qe7+ 1-0

[Event "34th European Club Cup 2018"]
[Site "Halkidiki"]
[Date "2018.10.12"]
[Round "1"]
[White "Gaehwiler, Gabriel"]
[Black "Jaksland, Tim"]
[Result "1/2-1/2"]
[WhiteElo "2439"]
[BlackElo "2214"]
[Annotator "TA"]
[PlyCount "77"]
[EventDate "2018.10.12"]
[EventType "team-tourn"]
[EventCountry "GRE"]
[SourceTitle "playchess.com"]
[Source "ChessBase"]
[SourceQuality "1"]
[WhiteTeam "Winterthur"]
[BlackTeam "Hillerod"]

1. d4 Nf6 2. c4 c5 3. d5 b5 4. cxb5 a6 5. bxa6 g6 6. Nc3 Bg7 7. e4 O-O 8. Nf3 Qa5 9. Bd2 Bxa6 10. Bxa6 Qxa6 11. Qe2 d6 12. a4 Nfd7 13. b3 Rc8 14. Rc1 Nb6 15. O-O c4 16. b4 Bxc3 17. Bxc3 Nxa4 18. Bd4 Qb5 19. Ng5 e5 20. dxe6 Qxg5 21. exf7+ Kxf7 22. Rxc4 Nc6 23. Qf3+ Ke7 24. e5 Qf5 25. Qd5 Qe6 26. exd6+ Kd7 27. Qb5 Rab8 28. Qa6 Nxd4 29. Qa7+ Kd8 30. Rxc8+ Rxc8 31. Qxd4 Rc4 32. Qh8+ Kd7 33. Qxh7+ Kxd6 34. Rd1+ Kc6 35. Qa7 Nb6 36. h3 Rxb4 37. Rc1+ Rc4 38. Rb1 Rb4 39. Rxb4 1/2-1/2

[Event "34th European Club Cup 2018"]
[Site "Halkidiki"]
[Date "2018.10.12"]
[Round "1"]
[White "Ris, Robert"]
[Black "Liodakis, Konstantinos-Spyros"]
[Result "1-0"]
[WhiteElo "2435"]
[BlackElo "2182"]
[Annotator "TA"]
[PlyCount "43"]
[EventDate "2018.10.12"]
[EventType "team-tourn"]
[EventCountry "GRE"]
[SourceTitle "playchess.com"]
[Source "ChessBase"]
[SourceQuality "1"]
[WhiteTeam "BSG"]
[BlackTeam "Chania CA"]

1. e4 e6 2. d4 d5 3. Bd3 Nf6 4. e5 Nfd7 5. c3 c5 6. f4 Nc6 7. Nf3 Qb6 8. Bc2 Be7 9. O-O Nf8 10. Kh1 Bd7 11. dxc5 Bxc5 12. b4 Be3 13. Bxe3 Qxe3 14. b5 Qxf4 15. bxc6 bxc6 16. Qd4 Qh6 17. Nbd2 Ng6 18. Qc5 f6 19. Qd6 fxe5 20. Bxg6+ hxg6 21. h3 Rd8 22. Nxe5 1-0